Nationalgerichte Europa - Statistiken

Allgemein
  • Dieses Quiz wurde 448 mal gespielt
    416 seit der letzten Aktualisierung
  • Das Durchschnittsergebnis liegt bei 17 aus 47
Antwortstatistiken
Bildquiz Hint Antwort % Korrekt
Vodka Russland
91%
Gulasch Ungarn
90%
Currywurst Deutschland
87%
Pizza Italien
86%
Köttbullar Schweden
86%
Käsefondue Schweiz
86%
Schnitzel Österreich
84%
Paella Spanien
84%
Fish and Chips England
76%
Pot au feu Frankreich
76%
Moussaka Griechenland
61%
Cevapcici Kroatien
61%
Haggis Schottland
61%
Stew Irland
58%
Moules Frites Belgien
57%
Borschtsch Ukraine
51%
Hakkebøf Dänemark
50%
Får i kål Norwegen
42%
Stamppot mit Kibbeling Niederlande
36%
Vepřo-Knedlo-Zelo Tschechien
35%
Bigos Polen
29%
Djuvec Reis Serbien
28%
Bacalhau (Stockfisch) Portugal
24%
Hákarl Island
23%
Judd mat Gaardebounen Luxemburg
23%
Fergese Tirane Albanien
20%
Torta Tre Monti San Marino
20%
Roggenbrot Finnland
18%
Kuru Fasulye Türkei
17%
Mici Rumänien
14%
Pita Bosnien und Herzegowina
13%
Ajdovi zganci (Heidensterz) Slowenien
13%
Djuvec Bulgarien
12%
Brimsennocken Slowakei
11%
Verivorst Estland
10%
Flia Kosovo
10%
Ribel Liechtenstein
10%
Cepelinai Litauen
10%
Tavče gravče Nordmazedonien
9%
Gerstensülze Lettland
8%
Draniki Belarus
7%
Lampuki Malta
7%
Trinxat Andorra
6%
Beshbarmak Kasachstan
4%
Drob Moldawien
4%
Barbajuan Monaco
4%
Karpfen mit Pflaumen Montenegro
3%
Keine übereinstimmenden Quizze gefunden
Verteilung der Resultate
Anzahl Personen mit jedem Resultat
Perzentil nach korrekt beantworteten Fragen
Ihre Resultats-Entwicklung
Sie haben dieses Quiz seit der letzten Aktualisierung nicht gespielt